| 000 | 00631nam a2200205Ia 4500 | ||
|---|---|---|---|
| 003 | OSt | ||
| 005 | 20240530114827.0 | ||
| 008 | 210210b2017 xxu||||| |||| 00| 0 eng d | ||
| 040 |
_aAL _c |
||
| 041 | _aKonkani | ||
| 082 | _a891.461 QUAB | ||
| 100 |
_aQUADROS (Valley) _927660 _dವಲ್ಲಿ ಕ್ವಾಡ್ರಸ್ |
||
| 245 |
_aBajar: kavitencho chovto jamo _bಬಜಾರ್ : ಕವಿತಾಂಚೊ ಚೊವ್ತೋ ಜಮೊ |
||
| 260 |
_aMangaluru _bAshavadi Prakashan _c2017 |
||
| 300 | _a88 | ||
| 690 |
_aKonkani Poetry _927665 |
||
| 700 |
_aKVADRAS (Valli) _927666 |
||
| 906 | _a073797 | ||
| 942 |
_2ddc _cBK |
||
| 999 |
_c123587 _d123587 |
||